Statistics for Red Dead Redemption Horses

Click here to take the quiz!

General Stats

  • This quiz has been taken 44 times
  • The average score is 4 of 27

Answer Stats

Horses% Correct
Kentucky Saddler
61%
American Standardbred
32%
Dutch Warmblood
32%
War
32%
Hungarian Half-Bred
24%
Pestilence
20%
Unicorn
20%
Death
17%
Famine
17%
Quarter Horse
12%
Undead Horse
10%
War Horse
10%
Dark Horse
7%
Infested Ardennais
7%
Jaded Tersk
7%
Lusitano
7%
Tobiano Pinto
7%
Turkmen
7%
Ardennais
5%
Cleveland Bay
5%
Highland Chestnut
5%
Lusitano Nag
5%
Painted Quarter-Horse
5%
Painted Standardbred
5%
Standardbred Pinto
5%
Tersk
5%
Welsh Mountain
5%

Score Distribution

Percentile by Number Answered

Percent of People with Each Score

Your Score History

You have not taken this quiz